Name Every Quentin Tarantino Movie, And Actors - Statistics

General Stats
  • This quiz has been taken 48 times
  • The average score is 13 of 28
Answer Stats
Hint Answer % Correct
1994 Pulp Fiction
98%
2012 Django Unchained
93%
1992 Reservoir Dogs
93%
2015 The Hateful Eight
88%
2019 Once upon a time... in hollywood
86%
2009 Inglorious Basterds
83%
1997 Jackie Brown
83%
6 Samuel L Jackson
83%
3 Uma Thurman
69%
2007 Death Proof
67%
3 + Deleted scene Tim Roth
50%
5 Michael Madsen
45%
1993 True Romance
45%
3 Harvey Keitel
40%
3 Kurt Russel
38%
4 + Voice Quentin Tarantino
38%
1996 From Dusk Till Dawn
33%
1994 Natural Born Killers
31%
1995 Four Rooms
24%
2003, 2004 Kill Bill: Vol 1 and 2
24%
3 + Stunt double Zoe Bell
19%
3 Bruce Dern
17%
2005 Sin City
17%
3 Walton Goggins
17%
3 David Carradine
12%
5 Michael Parks
5%
3 Craig Stark
0%
6 James Parks
0%
No matching quizzes found
Score Distribution
Percent of People with Each Score
Percentile by Number Answered
Your Score History
You have not taken this quiz